000 01703cam a2200373 i 4500
001 20720722
003 OSt
005 20240418064052.0
008 181026s2019 nyua b 001 0 eng
010 _a 2018050601
020 _a9781138583986
_q(hardback)
020 _a9781138583993
_q(pbk.)
020 _z9780429506338
_q(e-book)
020 _z9780429014000
_qebook
040 _aDLC
_beng
_cDLC
_erda
_dDLC
042 _apcc
050 0 0 _aNA2500
_b.I555 2019
082 0 0 _a720.1 I555 2019
_223
245 0 0 _aInstabilities and potentialities :
_bnotes on the nature of knowledge in digital architecture /
_cedited by Chandler Ahrens and Aaron Sprecher.
264 1 _aNew York :
_bRoutledge, Taylor & Francis Group,
_c2019.
300 _axxii, 251 pages :
_billustrations ;
_c24 cm
336 _atext
_btxt
_2rdacontent
337 _aunmediated
_bn
_2rdamedia
338 _avolume
_bnc
_2rdacarrier
504 _aIncludes bibliographical references and index.
505 2 _aEpisodes in the Emergence of Imaging Practices / Mark Linder -- Objects : Technology, Technique, Techné : Creation vs Contingency in Computational Design / Alvin Huang -- Dissimilar at First Sight : Structural Abstraction and the Promises of Isomorphism in 1960s Architectural Theory / Theodora Vardouli.
650 0 _aArchitecture
_xPhilosophy.
650 0 _aArchitectural design
_xData processing.
700 1 _aAhrens, Chandler,
_eeditor.
700 1 _aSprecher, Aaron,
_eeditor.
906 _a7
_bcbc
_corignew
_d1
_eecip
_f20
_gy-gencatlg
942 _2ddc
_cBK-EN
_n0
999 _c6698
_d6698